Dutch painting (fifteenth trough seventeenth centuries) (Record no. 6632)

MARC details
000 -CABECERA
campo de control de longitud fija 00700nam a2200229 a 4500
001 - NÚMERO DE CONTROL
campo de control BRCA_6950
005 - FECHA Y HORA DE LA ÚLTIMA TRANSACCIÓN
campo de control 20190320205644.0
008 - DATOS DE LONGITUD FIJA--INFORMACIÓN GENERAL
campo de control de longitud fija 181111s1954----u--a######---#000-0#eng-#
041 ## - CÓDIGO DE LENGUA
Código de lengua del texto/banda sonora o título independiente eng
044 ## - CÓDIGO DEL PAÍS DE LA ENTIDAD EDITORA/PRODUCTORA
Código MARC del país u
050 #4 - SIGNATURA TOPOGRÁFICA DE LA BIBLIOTECA DEL CONGRESO
Número de clasificación ND646
Número de documento/Ítem .S54 1954
245 10 - MENCIÓN DE TÍTULO
Título Dutch painting (fifteenth trough seventeenth centuries)
Mención de responsabilidad, etc. text by Seymour Slive
260 ## - PUBLICACIÓN, DISTRIBUCIÓN, ETC.
Lugar de publicación, distribución, etc. [Estados Unidos
Nombre del editor, distribuidor, etc. Harry N. Abrams
Fecha de publicación, distribución, etc. c1954]
300 ## - DESCRIPCIÓN FÍSICA
Extensión 4 p.
Otras características físicas il. (algunas a color), 16 láminas
Dimensiones 39 cm.
440 #0 - MENCIÓN DE SERIE/PUNTO DE ACCESO ADICIONAL--TÍTULO
Título Abrams art book
9 (RLIN) 17320
500 ## - NOTA GENERAL
Nota general Título de cubierta: Masterpieces of Dutch Painting
500 ## - NOTA GENERAL
Nota general O184
650 14 - PUNTO DE ACCESO ADICIONAL DE MATERIA--TÉRMINO DE MATERIA
Término de materia o nombre geográfico como elemento de entrada Pintura holandesa
9 (RLIN) 9393
700 1# - PUNTO DE ACCESO ADICIONAL--NOMBRE DE PERSONA
Nombre de persona Slive, Seymour
Término indicativo de función/relación tx.
9 (RLIN) 17321
902 ## - CATALOGADOR
Iniciales GFM
942 ## - ELEMENTOS DE PUNTO DE ACCESO ADICIONAL (KOHA)
Fuente del sistema de clasificación o colocación Library of Congress Classification
Tipo de ítem Koha Libros
Holdings
Estado de retiro Estado de pérdida Estado dañado No para préstamo Localización permanente Ubicación/localización actual Fecha de adquisición Número de inventario Total de préstamos Signatura topográfica completa Código de barras Fecha visto por última vez Precio válido a partir de Tipo de ítem Koha
El ejemplar forma parte de la colección y puede ser consultado según las políticas vigentes.       Biblioteca del Museo Franz Mayer (Rogerio Casas-Alatriste) Biblioteca del Museo Franz Mayer (Rogerio Casas-Alatriste) 18/11/2011 O184   ND646 .S54 1954 (O184) 7397 22/03/2019 22/03/2019 Libros